000 00453nam a2200145Ia 4500
008 151021s9999 xx 000 0 und d
020 _a1317176226
050 _aKF 2915 .N8G85 2006
245 _a_Legal & Ethical Issues in Nursing (4th ed.) / Guido Ginny Wacker
260 _aNew Jersey : Prentice Hall, 2006
300 _axi,532 p.
500 _aIncludes index
650 _a_Nursing Law and Legislation
980 _a^d20110712 02:30:12^okilerai
999 _c7883
_d7883